000 00646nam a2200217 i 4500
001 000006079
003 DO-SdBNP
005 20250728092440.0
007 ta
008 090826s1984 dr 000 0 spa d
040 _aDO-SdBNP
_bspa
_cBNPHU
_erda
082 4 _axxxx
_bR426l
_222
110 1 _aRepública Dominicana.
_b Junta Central Electoral
_964605
245 1 0 _aLey 659 sobre actos del estado civil.
264 1 _aSanto Domingo :
_bJunta Central Electoral,
_c1984.
300 _a150 páginas ;
_c21 cm.
336 _atexto
_btxt
_2rdacontent
337 _asin mediación
_bn
_2rdamedia
338 _avolumen
_bnc
_2rdacarrier
942 _2ddc
_cLBS1
999 _c5875
_d5875